00318nam a22001217a 450000500170000002000220001703500130003903700130005210000160006524500470008126000440012830000240017220120611124340.0 a8125902503c60.00 aA-902191 aDPLbENG aKalra, R.M. aDrug addiction in schools /cby R.M. Kalra aNew DelhibVikas Publishing Housec1997 axxi, 118p.c18 cms.